AT Scrabble Words 8 and Under - Statistics

General Stats
  • This quiz has been taken 23 times
    17 since last reset
  • The average score is 35 of 120
Answer Stats
Answer % Correct
At
100%
Att
100%
Ate
89%
Atlas
78%
Atom
78%
Atomic
78%
Attain
78%
Attend
78%
Attest
78%
Attic
78%
Attune
78%
Atone
67%
Attach
67%
Attack
67%
Attorn
67%
Attorney
67%
Atop
56%
Attacker
56%
Attar
56%
Attent
56%
Ataxia
44%
Atoll
44%
Atomical
44%
Atonal
44%
Atonally
44%
Atoner
44%
Atonia
44%
Atrophy
44%
Attache
44%
Attacher
44%
Attendee
44%
Attender
44%
Attire
44%
Attract
44%
Athlete
33%
Athletic
33%
Atomise
33%
Atomiser
33%
Atomism
33%
Atomist
33%
Atomize
33%
Atomizer
33%
Atomy
33%
Atonic
33%
Atony
33%
Atrium
33%
Atrophia
33%
Attainer
33%
Attempt
33%
Attester
33%
Attitude
33%
Atabal
22%
Atap
22%
Ataraxia
22%
Ataraxic
22%
Ataxic
22%
Ataxy
22%
Atelier
22%
Atheism
22%
Atheist
22%
Atonable
22%
Atopic
22%
Atopy
22%
Atrial
22%
Atrocity
22%
Atrophic
22%
Attaboy
22%
Attrit
22%
Attrite
22%
Atabrine
11%
Atactic
11%
Ataman
11%
Atamasco
11%
Ataraxy
11%
Atavic
11%
Atavism
11%
Atavist
11%
Atelic
11%
Atenolol
11%
Atheneum
11%
Atheroma
11%
Athwart
11%
Atigi
11%
Atingle
11%
Atishoo
11%
Atlatl
11%
Atma
11%
Atman
11%
Atomics
11%
Atrazine
11%
Atremble
11%
Atresia
11%
Atresic
11%
Atretic
11%
Attagirl
11%
Attaint
11%
Attemper
11%
Attestor
11%
Atticism
11%
Atticist
11%
Atticize
11%
Atwain
11%
Atween
11%
Atwitter
11%
Atypic
11%
Atypical
11%
Ataghan
0%
Atalaya
0%
Atechnic
0%
Atemoya
0%
Athanasy
0%
Atheling
0%
Athetoid
0%
Athirst
0%
Athodyd
0%
Atilt
0%
Atrip
0%
Atropin
0%
Atropine
0%
Atropism
0%
No matching quizzes found
Score Distribution
Percent of People with Each Score
Percentile by Number Answered
Your Score History
You have not taken this quiz since the last reset